Größte Städte in Bayern nach Buchstabe - Statistiken

Allgemein
  • Dieses Quiz wurde 210 mal gespielt
  • Das Durchschnittsergebnis liegt bei 13 aus 23
Antwortstatistiken
Hint Antwort % Korrekt
A Augsburg
96%
M München
95%
N Nürnberg
95%
B Bamberg
88%
R Regensburg
88%
I Ingolstadt
86%
F Fürth
84%
P Passau
80%
W Würzburg
78%
E Erlangen
74%
L Landshut
67%
C Coburg
65%
D Dachau
63%
S Schweinfurt
61%
H Hof
60%
K Kempten
60%
T Traunstein
33%
G Germering
20%
Z Zirndorf
20%
O Olching
16%
U Unterschleißheim
13%
V Vaterstetten
7%
J Jettingen-Scheppach
1%
Keine übereinstimmenden Quizze gefunden
Verteilung der Resultate
Anzahl Personen mit jedem Resultat
Perzentil nach korrekt beantworteten Fragen
Ihre Resultats-Entwicklung
Sie haben dieses Quiz noch nicht gespielt